000 00324nam a22001337a 4500
082 _a894.812
_bPAU/V
100 _aVARGHESE PAUL
245 _aVIDYABHYASAM BODHANA SAMEEPANANGAL
250 _aFOURTH EDITION
260 _aCHALAKUDY
_bAKSHAYA PUBLICATION
_c2004
300 _a96
650 _aMOTIVATIONAL
_zKERALA
942 _cBK
999 _c1160
_d1160